000 00614cam a2200193ua 4500
001 554
005 20260515113202.0
008 110407n ii |||gr||||Z||||||eng
020 _a81-8357-059-3
040 _cMAIN
082 _a320.5
245 1 1 _aGandhi, Nehru, Tagore and other eminent personalities of modern India.
_bunique competative series.
250 _a25th. /
_bEdited by J K Chopra.
260 _aNew Delhi.:
_bUnique publishers.,
_c2006.
300 _axvi, 336 p.:6 cm.
653 _aPolitical science.
653 _aGandhi, Nehru, Tagore and other eminent personalities of modern India.
942 _cBK
999 _c491
_d491